000 00646nam a2200265Ia 4500
005 20260121165906.0
008 008 260114s9999 xx 000 0 eng d
020 _a9783319291185
037 _aEBOOK
040 _aCRL
040 _beng
040 _cCRL
041 _2eng
041 _aeng
084 _qCRL
100 _aH. Abdul Jaffar Ali, M. Tamilselvi
_91057316
245 0 _aAscidians in Coastal Water
260 _bSpringer
260 _bSpringer
260 _c2016
856 _uhttps://link.springer.com/openurl?genre=book&isbn=978-3-319-29118-5
942 _cEBOOK
999 _c1623044
_d1623044